Una isla para dos / (Registro nro. 9150)

Detalles MARC
000 -LEADER
fixed length control field 01162nam a2200313 a 4500
001 - CONTROL NUMBER
control field 000021319
003 - CONTROL NUMBER IDENTIFIER
control field DO-SdBNP
005 - DATE AND TIME OF LATEST TRANSACTION
control field 20230222073218.0
008 - FIXED-LENGTH DATA ELEMENTS--GENERAL INFORMATION
fixed length control field 100906s2002 dr 000 0 spa d
020 ## - INTERNATIONAL STANDARD BOOK NUMBER
Canceled/invalid ISBN 393433489
040 ## - CATALOGING SOURCE
Original cataloging agency DO-SdBNP
Language of cataloging spa
Transcribing agency BPMSU
082 ## - DEWEY DECIMAL CLASSIFICATION NUMBER
Classification number 327.729307294
Item number U54i 2002
Edition number 22
245 00 - TITLE STATEMENT
Title Una isla para dos /
Statement of responsibility, etc. editores Rubén Silié, Carlos Segura.
260 ## - PUBLICATION, DISTRIBUTION, ETC. (IMPRINT)
Place of publication, distribution, etc. Santo Domingo :
Name of publisher, distributor, etc. FLACSO,
Date of publication, distribution, etc. 2002.
300 ## - PHYSICAL DESCRIPTION
Extent 280 p. ;
Dimensions 22 cm.
500 ## - GENERAL NOTE
General note Incluye referencias bibliográficas y notas al pie de las páginas.
590 ## - LOCAL NOTE (RLIN)
Local note Inventariado, 2022/VM
650 #4 - SUBJECT ADDED ENTRY--TOPICAL TERM
Topical term or geographic name as entry element Política de fronteras
650 #4 - SUBJECT ADDED ENTRY--TOPICAL TERM
Topical term or geographic name as entry element Degradación ambiental
651 #4 - SUBJECT ADDED ENTRY--GEOGRAPHIC NAME
Geographic name República Dominicana
General subdivision Relaciones exteriores
Geographic subdivision Haití
651 #4 - SUBJECT ADDED ENTRY--GEOGRAPHIC NAME
Geographic name Haití
General subdivision Relaciones exteriores
Geographic subdivision República Dominicana
651 #4 - SUBJECT ADDED ENTRY--GEOGRAPHIC NAME
Geographic name República Dominicana
General subdivision Emigración e inmigración
-- Aspectos económicos
651 #4 - SUBJECT ADDED ENTRY--GEOGRAPHIC NAME
Geographic name República Dominicana
General subdivision Emigración e inmigración
-- Aspectos sociales
700 1# - ADDED ENTRY--PERSONAL NAME
Personal name Silié, Rubén
Dates associated with a name 1946-
Relator term ed.
700 1# - ADDED ENTRY--PERSONAL NAME
Personal name Segura, Carlos,
Relator term ed.
710 2# - ADDED ENTRY--CORPORATE NAME
Corporate name or jurisdiction name as entry element FLACSO, Prigrama (República Dominicana)
910 ## - USER-OPTION DATA (OCLC)
User-option data VMateo V./Control de calidad (BPMSU)
942 ## - ADDED ENTRY ELEMENTS (KOHA)
Source of classification or shelving scheme Dewey Decimal Classification
Koha item type Libros
Existencias
Withdrawn status Lost status Source of classification or shelving scheme Damaged status Not for loan Collection code Home library Current library Date acquired Source of acquisition Full call number Barcode Date last seen Price effective from Koha item type Copy number
    Dewey Decimal Classification     Colección Dominicana Biblioteca Pública Metropolitana Salomé Ureña Biblioteca Pública Metropolitana Salomé Ureña 03/08/2016 FUNDI BPMSU CD 327.729307294 U54i 2002 BPMSU16030012 03/08/2016 03/08/2016 Libros  
    Dewey Decimal Classification     Colección Dominicana Biblioteca Pública Metropolitana Salomé Ureña Biblioteca Pública Metropolitana Salomé Ureña 03/08/2016 FLACSO BPMSU CD 327.729307294 U54i 2002 BPMSU22100036 10/06/2022 03/08/2016 Libros e.2
    Dewey Decimal Classification     Colección Dominicana Biblioteca Pública Metropolitana Salomé Ureña Biblioteca Pública Metropolitana Salomé Ureña 03/08/2016 FLACSO BPMSU CD 327.729307294 U54i 2002 BPMSU22100037 10/06/2022 03/08/2016 Libros e.3